| 000 | 01075cam a22003014a 4500 | ||
|---|---|---|---|
| 003 | UPN | ||
| 005 | 20220919203749.0 | ||
| 008 | 090212s2006 es r 000 0 spa d | ||
| 020 | _a8476697503 | ||
| 035 | _aUPN01000169215 | ||
| 040 |
_aUPN _bspa _cUPN |
||
| 049 | _aCG | ||
| 050 | 4 |
_aDS119.76 _bF34 |
|
| 100 | 1 |
_aFarhat-Naser, Sumaya Hanna, _d1948- _946422 |
|
| 245 | 1 | 0 |
_aEn la tierra de los olivos / _cSumaya Farhat -Naser ; traducción y prólogo de Anna Tortajada Orriols. |
| 250 | _aPrimera edición | ||
| 260 |
_aBarcelona, España : _bEl Aleph, _c2006. |
||
| 300 | _a237 páginas | ||
| 534 |
_pTítulo original: _tVerwurzelt im land der olivenbäume |
||
| 650 | 4 |
_aConflicto árabe-israelí _y1993- _910202 |
|
| 650 | 4 |
_aÁrabes palestinos _xPolítica y gobierno _946364 |
|
| 650 | 4 |
_aÁrabes palestinos _xCondiciones sociales _946363 |
|
| 650 | 4 |
_aMujeres árabes palestinas _vBiografía _946365 |
|
| 700 | 1 |
_aTortajada Orriols, Anna, _d1957- _etraductora _eprologuista _932193 |
|
| 902 | _bCarolina Alvarado/190922/M | ||
| 905 | _aLibro | ||
| 942 |
_2lcc _cLIBRO |
||
| 999 |
_c141321 _d141321 |
||